| 000 | 00423pab a2200157 454500 | ||
|---|---|---|---|
| 008 | 180718b2014 xxu||||| |||| 00| 0 eng d | ||
| 100 | _aDuffy, Bobby | ||
| 245 | _aPreceptions and reality: Ten things we should know about attitudes to immigration in the UK | ||
| 260 | _c2014 | ||
| 300 | _ap.259-266. | ||
| 362 | _aJul-Sep | ||
| 650 | _aImmigration | ||
| 773 | _aPolitical Quarterly | ||
| 908 | _aN | ||
| 909 | _a106303 | ||
| 999 |
_c106298 _d106298 |
||